000 00313nas a2200145 a 4500
001 72757
003 146995
005 20201118111048.0
008 ||||||n9999 ||| || ||
245 0 _aNueva Frontera - No.927
260 _c1977.
562 _e1
773 _016068
_aNueva Frontera
942 _cSISS
999 _c72757
_d72757